| 000 | 00609nam a2200241 a 4500 | ||
|---|---|---|---|
| 001 | nice12345678 | ||
| 003 | IN_TiNIC | ||
| 005 | 20260116015114.0 | ||
| 008 | 050524s0000 mala grp 000 0 eng | ||
| 020 |
_a _c100 |
||
| 082 | 0 | 0 |
_a200.922 _bSEN |
| 100 | _aSeng, Kam Eng | ||
| 245 | _aBiography of Kam Eng Seng, the Narrator of God`d New Word | ||
| 260 |
_aMalaysia _bAuthor _c0000 |
||
| 300 | _a27p | ||
| 500 | _aincludes index and biblioraphy | ||
| 505 | 2 | _aFeb, 25-27, 2000. | |
| 650 | _aBiographies-Religion | ||
| 700 | 1 | _aSeng, Kam Eng | |
| 902 | _bSRS | ||
| 942 | _cBK | ||
| 999 |
_c18344 _d18344 |
||